000 01146nam a2200265 a 4500
005 20140311163043.0
008 120904s19uu xx 00 eng d
020 _a9780335219780
050 _aHV 715
_b.An615 2006
100 _aAnning, Angela
245 _aDeveloping multi-professional teamwork for integrated children's services :
_bresearch, policy and practice /
_cAngela Anning ... [et al.].
260 _aMaidenhead, England :
_bOpen University Press,
_c2006.
300 _a148 p. :
_bill. ;
_c24 cm.
500 _aIncludes bibliographical references and index
520 _aMultiprofessional practice in the delivery of services is a central government imperative in the UK and other countries. This book offers a practical resource to professionals charged with conceptualising, planning, implementing and evaluating multiprofessional practice in children's services.
521 _aEDU
650 _aChildren
_xServices for
650 _aSocial service
_xTeamwork
700 _aCotrell, David
700 _aFrost, Nick
700 _aGreen, Josephine
700 _aRobinson, Mark
942 _cBK
_2lcc
_kFOR
999 _c39776
_d39776